MARC details
| 000 -LEADER |
| fixed length control field |
01950cim a2200493Ia 4500 |
| 001 - CONTROL NUMBER |
| control field |
ocm52438560 |
| 003 - CONTROL NUMBER IDENTIFIER |
| control field |
OCoLC |
| 005 - DATE AND TIME OF LATEST TRANSACTION |
| control field |
20170322162300.0 |
| 007 - PHYSICAL DESCRIPTION FIXED FIELD--GENERAL INFORMATION |
| fixed length control field |
sd fungnnmmneu |
| 008 - FIXED-LENGTH DATA ELEMENTS--GENERAL INFORMATION |
| fixed length control field |
030616s2003 nyunnn j f eng d |
| 020 ## - INTERNATIONAL STANDARD BOOK NUMBER |
| International Standard Book Number |
0807220310 |
| 020 ## - INTERNATIONAL STANDARD BOOK NUMBER |
| International Standard Book Number |
9780807220313 |
| 020 ## - INTERNATIONAL STANDARD BOOK NUMBER |
| International Standard Book Number |
0807220299 |
| 020 ## - INTERNATIONAL STANDARD BOOK NUMBER |
| International Standard Book Number |
9780807220290 |
| 028 00 - PUBLISHER NUMBER |
| Publisher number |
YA 1045A |
| Source |
Listening Library |
| 040 ## - CATALOGING SOURCE |
| Original cataloging agency |
LPU |
| Transcribing agency |
LPU |
| Modifying agency |
UOK |
| -- |
OCoLC |
| Description conventions |
rda |
| 043 ## - GEOGRAPHIC AREA CODE |
| Geographic area code |
e-uk-en |
| 049 ## - LOCAL HOLDINGS (OCLC) |
| Holding library |
UOKA |
| 092 ## - LOCALLY ASSIGNED DEWEY CALL NUMBER (OCLC) |
| Classification number |
CDJ R797o |
| 999 ## - SYSTEM CONTROL NUMBERS (KOHA) |
| Koha Dewey Subclass [OBSOLETE] |
02191398 |
| 100 1# - MAIN ENTRY--PERSONAL NAME |
| Personal name |
Rowling, J. K. |
| 9 (RLIN) |
46271 |
| 245 10 - TITLE STATEMENT |
| Title |
Harry Potter and the Order of the Phoenix |
| Medium |
[sound recording] / |
| Statement of responsibility, etc |
J.K. Rowling. |
| 250 ## - EDITION STATEMENT |
| Edition statement |
Unabridged. |
| 260 ## - PUBLICATION, DISTRIBUTION, ETC. (IMPRINT) |
| Place of publication, distribution, etc |
New York : |
| Name of publisher, distributor, etc |
Listening Library, |
| Date of publication, distribution, etc |
p2003. |
| 264 ## - Production, Publication, Distribution, Manufacture, and Copyright Notice. |
| Place of production, publication, distribution, manufacture |
New York : |
| Name of producer, publisher, distributor, manufacturer |
Listening Library, |
| -- |
p2003. |
| 300 ## - PHYSICAL DESCRIPTION |
| Extent |
23 audio discs (ca. 26 hr., 30 min.) : |
| Other physical details |
digital ; |
| Dimensions |
4 3/4 in. |
| 336 ## - Content Type |
| Content type term |
spoken word |
| 337 ## - Media type |
| Media type term |
audio |
| 338 ## - Carrier type |
| Carrier type term |
audio disc |
| 500 ## - GENERAL NOTE |
| General note |
Compact disc. |
| 500 ## - GENERAL NOTE |
| General note |
Sequel to: Harry Potter and the goblet of fire. |
| 511 0# - PARTICIPANT OR PERFORMER NOTE |
| Participant or performer note |
Performance by Jim Dale. |
| 520 ## - SUMMARY, ETC. |
| Summary, etc |
Harry Potter, now a fifth-year student at Hogwarts School of Witchcraft and Wizardry, struggles with a threatening teacher, problematic house elf, the dread of upcoming final exams, and haunting dreams that hint toward his mysterious past. |
| 650 #0 - SUBJECT ADDED ENTRY--TOPICAL TERM |
| Topical term or geographic name as entry element |
Potter, Harry |
| Form subdivision |
Juvenile fiction. |
| 9 (RLIN) |
5722106 |
| 650 #0 - SUBJECT ADDED ENTRY--TOPICAL TERM |
| Topical term or geographic name as entry element |
Hogwarts School of Witchcraft and Wizardry (Imaginary organization) |
| Form subdivision |
Juvenile fiction. |
| 9 (RLIN) |
5673732 |
| 650 #0 - SUBJECT ADDED ENTRY--TOPICAL TERM |
| Topical term or geographic name as entry element |
Wizards |
| Form subdivision |
Juvenile fiction. |
| 9 (RLIN) |
5722107 |
| 650 #0 - SUBJECT ADDED ENTRY--TOPICAL TERM |
| Topical term or geographic name as entry element |
Magic |
| Form subdivision |
Juvenile fiction. |
| 9 (RLIN) |
5673690 |
| 650 #0 - SUBJECT ADDED ENTRY--TOPICAL TERM |
| Topical term or geographic name as entry element |
Boarding schools |
| Form subdivision |
Juvenile fiction. |
| 9 (RLIN) |
5680819 |
| 651 #0 - SUBJECT ADDED ENTRY--GEOGRAPHIC NAME |
| Geographic name |
England |
| Form subdivision |
Juvenile fiction. |
| 9 (RLIN) |
5673696 |
| 700 1# - ADDED ENTRY--PERSONAL NAME |
| Personal name |
Dale, Jim |
| Titles and other words associated with a name |
(Narrator) |
| 9 (RLIN) |
5722108 |
| 710 2# - ADDED ENTRY--CORPORATE NAME |
| Corporate name or jurisdiction name as entry element |
Listening Library |
| 9 (RLIN) |
3988 |
| 800 1# - SERIES ADDED ENTRY--PERSONAL NAME |
| Personal name |
Rowling, J. K. |
| Title of a work |
Harry Potter series ; |
| Volume/sequential designation |
bk. 5. |
| 9 (RLIN) |
5722109 |
| 942 ## - ADDED ENTRY ELEMENTS (KOHA) |
| Source of classification or shelving scheme |
Dewey Decimal Classification |
| Koha item type |
Audiobook on CD |